| 000 | 00526 a2200217 4500 | ||
|---|---|---|---|
| 001 | 105577 | ||
| 020 | _a068813680X (trade) | ||
| 041 | _apor | ||
| 090 | _aP Year 7 398 | ||
| 092 | _a94027292 | ||
| 100 | _aHuck, Charlotte S. | ||
| 250 | _a1st ed. | ||
| 300 | _a[30] p. | ||
| 697 | _aFairy tales. | ||
| 697 | _aFolklore - France. | ||
| 856 | _u00000a/00000a28.jpg | ||
| 040 |
_aBR-BrIDEA _cBR-BrIDEA |
||
| 245 | 1 | 0 |
_aToads and diamonds _c Charlotte S Huck |
| 260 |
_a[S.l.] _bGreenwillow Books _c1996 |
||
| 942 | _cBK | ||
| 999 |
_c105577 _d105577 |
||